000 01124nam a2200313 i 4500
003 EG-GICUC
005 20260416203644.0
008 260416s19691882lh ||||| |||| 00| 0 fre d
040 _aEG-GiCUC
_bfre
_cEG-GiCUC
_dEG-GiCUC
_eRda
041 _afre
082 0 4 _221
_a343.309044
_bES . H
092 0 4 _221
099 _aLaw1 10 343.309044 ES . H 1969
100 1 _aEsmein, A
_eAuteur
245 1 0 _aHistoire de la procédure criminelle en France :
_bet spécialement de la procédure inquisitoire depuis le XIIIe siècle jusqu'à nos jours /
_cpar A. Esmein.
264 1 _aVaduz, Liechtenstein :
_bTopos,
_c1969.
300 _a596 pages ;
_c24 cm.
336 _2rda contenu
_a texte
337 _2rda medias
_aOrdinateur
338 _2 transporteur rda
_a Ressource en ligne
500 _aReprint. Originally published: Paris, 1882.
504 _aIncludes bibliographical references.
546 _aTexte en français
650 1 _aDroit pénal
_xHistory
_zFrance
650 1 _aDroit de procédure pénale
856 4 0 _uhttps://fll.law.cu.edu.eg/fulltext/bks/B10-09497.pdf
905 _a43
942 _2ddc
_n0
_cBK
_e21
999 _c71523
_d71523